LIBRARY & INFORMATION CENTRE, KCAET, TAVANUR

ONLINE PUBLIC ACCESS CATALOGUE (OPAC)

Course in workshop technology, Vol 2 / (Record no. 2080)

MARC details
000 -LEADER
fixed length control field 00442cam a2200169ua 4500
003 - CONTROL NUMBER IDENTIFIER
control field OSt
008 - FIXED-LENGTH DATA ELEMENTS--GENERAL INFORMATION
fixed length control field 250315b |||||||| |||| 00| 0 eng d
041 ## - LANGUAGE CODE
Language code of text/sound track or separate title eng
082 ## - DEWEY DECIMAL CLASSIFICATION NUMBER
Classification number 621.9
Item number RAG/CO
100 ## - MAIN ENTRY--AUTHOR NAME
Personal name Raghuvanshi, B S .
245 ## - TITLE STATEMENT
Title Course in workshop technology, Vol 2 /
250 ## - EDITION STATEMENT
Edition statement 1 /
260 ## - PUBLICATION, DISTRIBUTION, ETC. (IMPRINT)
Place of publication New Delhi :
Name of publisher Dhanpat Rai Publishing Co. Pvt. Ltd. ,
Year of publication 1993.
300 ## - PHYSICAL DESCRIPTION
Number of Pages 522 ; .
700 1# - ADDED ENTRY--PERSONAL NAME
Personal name Lal, S .
942 ## - ADDED ENTRY ELEMENTS (KOHA)
Koha item type Books
Holdings
Withdrawn status Lost status Damaged status Home library Current library Date acquired Full call number Accession Number Koha item type
      KAUAET KAUAET 07/04/2012 621.9 RAG/CO 18641 Books
      KAUAET KAUAET 07/04/2012 621.9 RAG/CO 18643 Books
free website counter